000 01254nam a2200229 a 4500
005 20211027120056.0
008 120830s1996 nyu |||gr|||| 00| 0 eng d
020 _a9780793562572
040 _aCO-BoUCM
_bspa
_cDeissy Garcia
_dDeissy Garcia
041 0 _aeng
100 1 _aCohen, David Bennett
_9133833
245 1 0 _aDavid Bennett Cohen teaches blues piano
_ba hands-on course in traditional blues piano : featuring a comprehensive audio lesson
_cDavid Bennett Cohen
260 _aWoodstock, Nueva York
_bHal Leonard
_c1996
300 _a1 partitura (23 páginas)
490 0 _aPiano Listen & Learn. Homespun music instruction
650 7 _aPiano
_vEstudio y ejercicios
_vPartituras
_9106709
650 7 _aMúsica para piano
_vEstudio y ejercicios
_vPartituras
_9106710
650 7 _aInterpretación del piano
_vEstudio y ejercicios
_vPartituras
_9106712
856 _uhttp://ez.urosario.edu.co/login?url=http://crai-recursos.urosario.edu.co/valida/index2.php?correo=^u&url=https%3A%2F%2Fwww.halleonard.com%2Fmylibrary%2Fproduct%2F841084&cadena=RGF2aWQgQmVubmV0dCBDb2hlbiB0ZWFjaGVzIGJsdWVzIHBpYW5vfFVuaXZlcnNpZGFkIGRlbCBSb3NhcmlvfDEyMzQ1NkNSQUk=
_zAudio Access
942 _cLIBRO
_2DEWEY
_a17
_e1
_h786.2
_mC678
_n0
999 _c319826
_d319826